Natural Disasters- (Tsunamis) (Record no. 11455)

MARC details
000 -LEADER
fixed length control field 00263nam a22000977a 4500
008 - FIXED-LENGTH DATA ELEMENTS--GENERAL INFORMATION
fixed length control field 190525b ||||| |||| 00| 0 eng d
020 ## - INTERNATIONAL STANDARD BOOK NUMBER
International Standard Book Number 9781599201153
100 ## - MAIN ENTRY--PERSONAL NAME
Personal name Park Louis
9 (RLIN) 7178
245 ## - TITLE STATEMENT
Title Natural Disasters- (Tsunamis)
260 ## - PUBLICATION, DISTRIBUTION, ETC. (IMPRINT)
Place of publication, distribution, etc. Minnesota
Name of publisher, distributor, etc. Smart Apple
Date of publication, distribution, etc. 2007
Holdings
Withdrawn status Lost status Source of classification or shelving scheme Damaged status Koha normalized classification for sorting Not for loan Home library Current library Shelving location Date acquired Total Checkouts Full call number Barcode Date last seen Price effective from Koha item type
    Dewey Decimal Classification   300_000000000000000_B8   Good Samaritan School Library Good Samaritan School Library Science 05/25/2019   300 B-8 PAR15316 05/25/2019 05/25/2019 BOOK

Powered by Koha